The Simpsons - Special Guests by Picture #6 - HARD - Statistics

General Stats
  • This quiz has been taken 53 times
  • The average score is 3 of 16
Answer Stats
Picture Answer % Correct
Elizabeth Taylor
65%
Tito Puente
45%
Paul Newman
24%
Ed McMahon
20%
Linda Ronstadt
18%
Brooke Shields
16%
Neil Patrick Harris
14%
Joe Frazier
12%
Joey Fatone
12%
Dennis Franz
10%
Stephen Jay Gould
10%
Steven Wright
10%
Tom Kite
10%
Trey Anastasio
10%
Johnny Unitas
8%
Steve Allen
8%
No matching quizzes found
Score Distribution
Percent of People with Each Score
Percentile by Number Answered
Your Score History
You have not taken this quiz